Statystyki dla 15 największych miast w województwie warmińsko-mazurskim

Kliknij tutaj aby rozwiązać quiz!

Ogólne statystyki

  • Ten quiz został rozwiązany 53 razy
  • Średni wynik to 11 z 15

Statystyki odpowiedzi

MieszkańcyMiasto% Poprawnych
170 622Olsztyn
100%
117 952Elbląg
96%
61 782Ełk
94%
28 803Giżycko
84%
33 111Iława
84%
22 785Bartoszyce
80%
32 547Ostróda
78%
21 179Mrągowo
76%
26 609Kętrzyn
71%
22 671Szczytno
71%
18 890Pisz
69%
15 420Lidzbark Warmiński
67%
16 907Braniewo
63%
21 014Działdowo
55%
16 241Olecko
51%

Rozkład punktacji

Percentyl według liczby udzielonych odpowiedzi

Procent ludzi z każdym wynikiem

Twoja historia wyników

Nie rozwiązałeś tego quizu